Advertising and corporate communication

Bibliographic Details
Main Author: Winterson, David
Format: Book
Language:English
Published: Daryaganj, New Delhi : Centrum Press , 2010
Subjects:

MARC

LEADER 00000cam a2200000 7i4500
001 0000024167
005 20120326.0
008 120221s inu# eng
020 |a 9789380836249 ,   |c RM354.00 
040 |a INS 
090 0 0 |a HD30.3   |b W56 2010 
100 1 |a Winterson, David 
245 1 0 |a Advertising and corporate communication   |c David Winterson 
260 |a Daryaganj, New Delhi :   |b Centrum Press ,   |c 2010 
300 |a 303p. ;   |c 23cm. 
500 |a Includes index 
650 0 |a Communication in management 
650 0 |a Communication in organizations 
650 0 |a Corporate culture 
650 0 |a Corporations   |x Public relations 
650 0 |a Social responsibility of business 
999 |a 1000000704   |b BOOK   |c Open Shelf   |e Default branch